|
|
|
|
| LEADER |
01376nam a2200301 a 4500 |
| 001 |
16424 |
| 003 |
BD-DhAAL |
| 008 |
090727s1998 pk ab b 001 0deng d |
| 010 |
|
|
|a 98930116
|
| 020 |
|
|
|a 0195792750
|
| 020 |
|
|
|a 0195777271
|
| 040 |
|
|
|a DLC
|c DLC
|d BD-DhAAL
|
| 082 |
0 |
0 |
|a 954.9205
|
| 100 |
1 |
|
|a Niazi, Amir Abdullah Khan.
|9 25808
|
| 245 |
1 |
4 |
|a The betrayal of East Pakistan /
|c A.A.K. Niazi.
|
| 260 |
|
|
|a Karachi :
|b Oxford University Press,
|c 1998.
|
| 300 |
|
|
|a xxxi, 321 pages :
|b illusteations, maps ;
|c 23 cm.
|
| 500 |
|
|
|a Originally published: New Delhi : Manohar, 1998.
|
| 504 |
|
|
|a Includes bibliographical references and index.
|
| 541 |
1 |
|
|a Donated By Akbar Ali Khan
|e 16424, 40319
|
| 600 |
1 |
0 |
|a Niazi, Amir Abdullah Khan.
|9 25808
|
| 650 |
|
0 |
|a India-Pakistan Conflict, 1971
|x Personal narratives, Pakistani.
|9 25809
|
| 651 |
|
0 |
|a Bangladesh
|x History
|y Revolution, 1971
|x Personal narratives, Pakistani.
|9 25810
|
| 852 |
4 |
|
|a Ayesha Abed Library
|
| 942 |
0 |
0 |
|0 1
|2 ddc
|c BK
|
| 999 |
|
|
|c 2903
|d 2903
|
| 952 |
|
|
|0 0
|1 0
|2 ddc
|4 0
|6 954_920500000000000_NIA
|7 0
|9 2637
|a BRACUL
|b BRACUL
|c BNC
|d 2007-09-08
|g 665.00
|l 13
|m 67
|o 954.9205 NIA
|p 3010016424
|r 2025-11-01
|s 2025-10-25
|t 1
|w 2009-07-27
|y BK
|
| 952 |
|
|
|0 0
|1 0
|2 ddc
|4 0
|6 954_920500000000000_NIA
|7 1
|9 72611
|a BRACUL
|b BRACUL
|c AAKC
|d 2023-01-02
|e Donated By Akbar Ali Khan
|g 500.00
|l 0
|o 954.9205 NIA
|p 3010040319
|r 2023-01-02
|t 2
|w 2023-01-02
|y BK
|